书目信息 |
| 题名: |
智能家居DIY
|
|
| 作者: | ;杭州晶控电子公司 编 | |
| 分册: | ||
| 出版信息: | 北京 中国电力出版社 2015.1 |
|
| 页数: | 226页 | |
| 开本: | 23cm | |
| 丛书名: | ||
| 单 册: | ||
| 中图分类: | TU241-39 | |
| 科图分类: | ||
| 主题词: | 住宅--智能建筑--自动控制系统 | |
| 电子资源: | ||
| ISBN: | 978-7-5123-6692-3 | |
| 000 | 00805nam0 2200229 450 | |
| 001 | 0400004692 | |
| 005 | 20171024160053.0 | |
| 010 | @a978-7-5123-6692-3@dCNY59.00 | |
| 100 | @a20150107e20162015em y0chiy50 ea | |
| 101 | 0 | @achi |
| 102 | @aCN@b110000 | |
| 105 | @aa z 000yy | |
| 106 | @ar | |
| 200 | 1 | @a智能家居DIY@9zhi neng jia ju DIY@f杭州晶控电子有限公司编 |
| 210 | @a北京@c中国电力出版社@d2015.1@h2016.1 | |
| 215 | @a226页@c图@d23cm | |
| 330 | @a本书是一本介绍智能家居的科普性读物。全书共分4章,内容包括:认识智能家居、智能家居功能设计、智能家居的安装与设置、智能家居工程案例。 | |
| 606 | 0 | @a住宅@x智能建筑@x自动控制系统 |
| 690 | @aTU241-39@v5 | |
| 711 | 02 | @a杭州晶控电子公司@9hang zhou jing kong dian zi gong si@4编 |
| 801 | 0 | @aCN@b91MARC@c20171024 |
| 905 | @b1038865-9@dTU241-39@f5@e1325 | |
| 智能家居DIY/杭州晶控电子有限公司编.-北京:中国电力出版社,2015.1(2016.1) |
| 226页:图;23cm |
| ISBN 978-7-5123-6692-3:CNY59.00 |
| 本书是一本介绍智能家居的科普性读物。全书共分4章,内容包括:认识智能家居、智能家居功能设计、智能家居的安装与设置、智能家居工程案例。 |
| ● |
| 相关链接 |
|
|
|
|
正题名:智能家居DIY
索取号:TU241-39/1325
 
预约/预借
| 序号 | 登录号 | 条形码 | 馆藏地/架位号 | 状态 | 备注 |
| 1 | 1038865 | 210388659 | 第二样本阅览室/ [索取号:TU241-39/1325] | 在馆 | |
| 2 | 1038866 | 210388668 | 密集书库-生命科学系/ [索取号:TU241-39/1325] | 在馆 | |
| 3 | 1038867 | 210388677 | 第三借阅区/ [索取号:TU241-39/1325] | 在馆 | |
| 4 | 1038868 | 210388686 | 第三借阅区/ [索取号:TU241-39/1325] | 在馆 | |
| 5 | 1038869 | 210388695 | 第三借阅区/ [索取号:TU241-39/1325] | 在馆 |